El Impacto de los medios de comunicación colectiva en los valores, actitudes y el comportamiento de la adolescencia en Costa Rica /
Guardado en:
| Hovedforfatter: | |
|---|---|
| Format: | Texto |
| Fag: | |
| Tags: |
Tilføj Tag
Ingen Tags, Vær først til at tagge denne postø!
|
MARC
| LEADER | 00000 a a2200000 04500 | ||
|---|---|---|---|
| 001 | 221 | ||
| 003 | |||
| 040 | |||
| 100 | |a Solano Sosa, José Alejandro | ||
| 245 | |a El Impacto de los medios de comunicación colectiva en los valores, actitudes y el comportamiento de la adolescencia en Costa Rica / |c José Alejandro Solano Sosa | ||
| 650 | |a JUVENTUD | ||
| 650 | |a ADOLESCENTES | ||
| 650 | |a MEDIOS DE COMUNICACION | ||
| 650 | |a MEDIOS DE COMUNICACION DE MASAS | ||
| 650 | |a VALORES CULTURALES | ||
| 650 | |a SISTEMA DE VALORES | ||
| 650 | |a ACTITUDES | ||
| 650 | |a COMPORTAMIENTO | ||
| 650 | |a COMPORTAMIENTO SOCIAL | ||
| 773 | |g volumen 1, número 1; páginas 10-13 | ||
| 999 | |c 29588 |d 29588 | ||
| 773 | 0 | |0 42346 |9 3358 |d San José, Costa Rica: CCSS. DTSS. DMP. Programa Atención Integral de la Adolescencia, 1999- |o 07056 |t Adolescencia y Salud/ | |
